LEADER 02648oas 2201057 a 450 001 9910135069403321 005 20250702153822.0 011 $a1557-0711 035 $a(DE-599)ZDB2095333-1 035 $a(OCoLC)60615780 035 $a(CONSER) 2005215635 035 $a(CKB)110985822458758 035 $a(EXLCZ)99110985822458758 100 $a20050614b19912009 sy a 101 0 $aeng 135 $aurun||||||||| 181 $ctxt$2rdacontent 182 $cc$2rdamedia 183 $acr$2rdacarrier 200 10$aContemporary hypnosis $ethe journal of the British Society of Experimental and Clinical Hypnosis 210 3 $cWhurr Publishers $aBancyfelin, Carmarthenshire SA33 5ND, UK $cCrown House Pub 215 $a1 online resouce 300 $aRefereed/Peer-reviewed 300 $aPublished by: John Wiley & Sons, <2005->2009. 311 08$a0960-5290 531 0 $aContemp. hypn. 606 $aHypnotism$vPeriodicals 606 $aHypnosis 606 $aPsychiatry 606 $aHypnotism$2fast$3(OCoLC)fst00965930 606 $aHypnose$2rasuqam 606 $aHypnothe?rapie$2rasuqam 606 $aHipnotisme$2thub 608 $aPeriodical 608 $aPeriodicals.$2fast 608 $aPeriodicals.$2lcgft 608 $aPe?riodique e?lectronique (Descripteur de forme)$2rasuqam 608 $aRessource Internet (Descripteur de forme)$2rasuqam 608 $aRevistes electròniques$2thub 615 0$aHypnotism 615 2$aHypnosis 615 2$aPsychiatry 615 7$aHypnotism. 615 7$aHypnose. 615 7$aHypnothe?rapie. 615 7$aHipnotisme 676 $a615 712 02$aBritish Society of Experimental and Clinical Hypnosis, 801 0$bOCLCS 801 1$bOCLCS 801 2$bNSD 801 2$bFQM 801 2$bOCLCQ 801 2$bNSD 801 2$bUQ1 801 2$bLGG 801 2$bWAU 801 2$bDLC 801 2$bUKMGB 801 2$bOCLCQ 801 2$bOCLCF 801 2$bOCLCQ 801 2$bWT2 801 2$bOCLCQ 801 2$bOCLCO 801 2$bOCLCA 801 2$bBUF 801 2$bOCLCQ 801 2$bTOF 801 2$bAU@ 801 2$bOCLCO 801 2$bWYU 801 2$bAUD 801 2$bOCLCQ 801 2$bVT2 801 2$bSFB 801 2$bCNMTR 801 2$bOCLCQ 801 2$bOCLCO 801 2$bOCLCA 801 2$bOCLCQ 801 2$bOCLCO 801 2$bBWN 801 2$bOCLCQ 801 2$bUBY 801 2$bUAB 801 2$bOCLCL 906 $aJOURNAL 912 $a9910135069403321 996 $aContemporary hypnosis$91968265 997 $aUNINA